| 000 | 00374nam a2200145Ia 4500 | ||
|---|---|---|---|
| 008 | 150301s1997 xx 000 0 und d | ||
| 082 |
_a616.0707 _bO1997S |
||
| 100 | _aSHAFER ,WILLIAM | ||
| 245 | 2 | _aA TEXT BOOK OF ORAL PATHOLOGY | |
| 250 | _a4TH | ||
| 260 |
_bHARCOURT BRACE PUBLICATION _aSINGAPORE _c1997 |
||
| 300 | _a1-917 | ||
| 650 | _aORAL PATHOLOGY | ||
| 942 |
_2ddc _cBK |
||
| 999 |
_c6923 _d6923 |
||